| 000 | 00558cas a2200169 4500 | ||
|---|---|---|---|
| 022 | _a0073-2206 | ||
| 082 |
_a631.42 _bHIG _cL-16, P-28 |
||
| 245 | 0 | 0 | _aHighway research record. |
| 260 |
_aWashington, _bNational Research Council, Highway Research Board, _c1963-1973. |
||
| 300 |
_a80 _c22cm _bill. |
||
| 490 | 1 | _a<-1973>: Publication - National Research Council | |
| 526 |
_a0 _b0 _c0 _d631_420000000000000_HIG |
||
| 650 | 0 |
_aMCE _xDesign and construction. _942724 |
|
| 650 | 0 | _aRoads. | |
| 710 | 2 |
_aNational Research Council (U.S.). _920017 |
|
| 942 |
_2ddc _cBK |
||
| 999 |
_c548295 _d548295 |
||